000 01165nam a2200253Ia 4500
999 _c54146
_d54146
001 21201
003 GE_BSU
005 20210723180142.0
008 181216s2011||||ge |||||||||||||| ||geo||
020 _a9789941103704
040 _cGE_BSU
041 _ageo
080 _a349.2 შ-87
245 _aშრომის სამართალი [კრ.] 1 :
_b (სტატიათა კრებული) = Labour law (Collection of Articles) /
_cრედ. ვახტანგ ზაალიშვილი ; წინათქმა ბესარიონ ზოიძე.
264 _aთბილისი :
_bმერიდიანი,
_c2011,
300 _a284 გვ. ;
_c20 სმ.
504 _aბიბლიოგრაფია ტექსტების შენიშვნებში
541 _h10ლ.
653 _aსამართალი
653 _aშრომის სამართალი
700 _aზაალიშვილი, ვახტანგ
_eრედაქტორი
_92878
700 _aზოიძე, ბესარიონ
_eწინათქმა
_912331
942 _cBK
_2udc